000 00301nam a2200121Ia 4500
008 190216s9999||||xx |||||||||||||| ||und||
100 _aVasanth Desai
245 0 _aIndian Banking Nature And Problems
260 _bHimalaya Publishing House
_c1987
300 _a688p
650 _aEconomics
942 _cBK
999 _c9795
_d9795